000 00468nam a2200193Ia 4500
008 101110s9999 xx 000 0 und d
041 _aENGLISH
082 _bSR13820
_a658
100 _aAllen Louis A.
245 _aManagement and organisation
365 _b68.75
520 _aCommerce
546 _aENGLISH
630 _aManagement and organisation
650 _aCommerce
655 _aCommerce
730 _aManagement and organisation
942 _cBOOK
999 _c807957
_d807954